| 000 | 00626nam a2200181 i 4500 | ||
|---|---|---|---|
| 001 | 23793 | ||
| 003 | ES-MaACL | ||
| 005 | 20230906152933.0 | ||
| 007 | t| | ||
| 008 | 021212s1925 fr ||||1| fre d | ||
| 245 | 0 | 3 | _aL'Ami du lettre-année littéraire & artistique pour 1925. |
| 260 |
_aParís : _bG. Crés & Cie, _c[1925] ( _fTours E. Arrault et Cie) |
||
| 300 |
_a478 p. : _bil. ; _c19 cm. |
||
| 490 | 1 | _aAssociation des courrieristes littéraires des journaux quotidiens | |
| 830 | 0 |
_aAssociation des courrieristes littéraires des journaux quotidiens _9229055 |
|
| 852 |
_aES-MaACL _jA-3937 |
||
| 999 |
_c23793 _d23793 |
||